Normal view MARC view
  • Mimi Kamariah Majid

Entry Personal Name

Number of records used in: 1

001 - CONTROL NUMBER

  • control field: 3882

003 - CONTROL NUMBER IDENTIFIER

  • control field: OSt

005 - DATE AND TIME OF LATEST TRANSACTION

  • control field: 20170512112806.0

008 - FIXED-LENGTH DATA ELEMENTS

  • fixed length control field: 170512|| aca||aabn | a|a d

040 ## - CATALOGING SOURCE

  • Original cataloging agency: OSt
  • Transcribing agency: OSt

100 ## - HEADING--PERSONAL NAME

  • Personal name: Mimi Kamariah Majid

670 ## - SOURCE DATA FOUND

  • Source citation: Work cat.: (OSt)0: Mimi Kamariah Majid, Criminal procedure in Malaysia /, 1999
Pusat Sumber Maklumat Dato' Haji Sarmin Md Hussin, Akademi Kastam Diraja Malaysia, Melaka
Tel: 06-2331106 | Faks: 06-2313787